000 00677nam a2200277Ia 4500
005 20260320195735.0
008 008 262003s9999 xx 000 0 hin d
020 _a9789390625369
037 _aEBOOK
040 _aCRL
040 _bhin
040 _cCRL
041 _2hin
041 _ahin
084 _qCRL
100 _aआचार्य चतुरसेन शास्त्री
_91132978
245 0 _aवयं रक्षाम:
250 _a3rd
260 _bRajkamal
260 _c2021
300 _a407
856 _uhttps://ebook.indiaread.in/pdfs/9789390625369.pdf
942 _cEBOOK
999 _c1716238
_d1716238